Country Codes (Internet Top-Level Domains) - Statistics

General Stats
  • This quiz has been taken 391 times
  • The average score is 5 of 31
Answer Stats
Code Country % Correct
de Germany
92%
es Spain
87%
hr Croatia
61%
za South Africa
53%
kh Cambodia
30%
rs Serbia
27%
ae United Arab Emirates
27%
dz Algeria
23%
gq Equatorial Guinea
15%
ws Samoa
12%
td Chad
11%
sv El Salvador
9%
lc Saint Lucia
9%
lk Sri Lanka
9%
km Comoros
8%
vc Saint Vincent and the Grenadines
7%
io British Indian Ocean Territory
6%
kn Saint Kitts and Nevis
5%
vg British Virgin Islands
4%
gf French Guiana
4%
pf French Polynesia
3%
ky Cayman Islands
2%
yt Mayotte
2%
an Netherland Antilles
2%
bl Saint Barthelemy
2%
pm Saint Pierre and Miquelon
2%
gs South Georgia and the South Sandwich Islands
2%
eh Western Sahara
2%
tf French Southern Territories
1%
mp Northern Mariana Islands
1%
mf Saint Martin
1%
No matching quizzes found
Score Distribution
Percent of People with Each Score
Percentile by Number Answered
Your Score History
You have not taken this quiz